000 00575nam a2200193 a 4500
001 12510
003 CO-ViMGA
008 141112s2004 ck r 000 u spa d
020 _a9586145354
040 _aCO-ViMGA
_bspa
_cCO-ViMGA
082 0 4 _a362.29 M37p
100 1 _aMera, Aura Lucia
_918021
245 1 0 _aPida Ayuda :
_bHistorias reales y alcohólicos drogadictos
260 _aSantafé de Bogotá :
_bTemas de Hoy,
_c1996
300 _a182p.
650 1 4 _aALCOHOLICOS - RELATOS PERSONALES
_918022
650 1 4 _aDROGADITOS - RELATOS PERSONALES
_918023
942 _2ddc
_cBK
999 _c23506
_d23506